| 000 | 00558 a2200169 4500 | ||
|---|---|---|---|
| 020 | _a0198518897 | ||
| 020 | _a0198518897 | ||
| 040 |
_aDLC _bDLC |
||
| 100 | 1 | 0 | _aSivia, D. S. |
| 245 | 1 | 0 |
_aData analysis: a Bayesian tutorial _b: a Bayesian tutorial _cD.S. Sivia. |
| 260 |
_aOxford _b: Clarendon Press _a; New York _b: Oxford University Press, _c1996. |
||
| 300 |
_axi, 189 p. _b: ill. _c; 24 cm. |
||
| 440 | 0 | _aOxford science publications. | |
| 650 | 0 | _aBayesian statistical decision theory. | |
| 650 | 0 | _aMaximum entropy method. | |
| 942 |
_cBK _k519.542 SIV _2ddc |
||
| 999 |
_c7688 _d7688 |
||